<?xml version="1.0" encoding="UTF-8"?>
<resp>
  <nextPage>https://data.bn.org.pl/api/networks/bibs.marcxml?marc=001+b00001150001510&amp;sinceId=1150001511</nextPage>
  <collection>
    <record xmlns='http://www.loc.gov/MARC21/slim'><leader>01066namZa2200337ZiZ4500</leader><controlfield tag='001'>b00001150001510</controlfield><controlfield tag='005'>20241203214137.9</controlfield><controlfield tag='008'>230609s        pl           |000 0 pol c</controlfield><controlfield tag='009'>9913261525305606</controlfield><datafield ind1=' ' ind2=' ' tag='020'><subfield code='a'>8385767118</subfield></datafield><datafield ind1=' ' ind2=' ' tag='035'><subfield code='a'>KR_1KR_1_20120317232913002619-48omnis_kr</subfield></datafield><datafield ind1=' ' ind2=' ' tag='035'><subfield code='a'>KR_1_20120317232913002619</subfield><subfield code='9'>ExL</subfield></datafield><datafield ind1=' ' ind2=' ' tag='035'><subfield code='a'>(PL)b00001150001510</subfield></datafield><datafield ind1=' ' ind2=' ' tag='040'><subfield code='a'>KR_1</subfield><subfield code='c'>KR_1</subfield></datafield><datafield ind1='1' ind2=' ' tag='041'><subfield code='a'>pol</subfield><subfield code='h'>eng</subfield></datafield><datafield ind1='1' ind2=' ' tag='100'><subfield code='a'>Squire, David</subfield></datafield><datafield ind1='1' ind2='0' tag='245'><subfield code='a'>Kwiaty doniczkowe :</subfield><subfield code='b'>pielęgnacja /</subfield><subfield code='c'>tekst David Squire ; zdj. Neil Sutherland ; tł. Małgorzata Kołodziejczyk.</subfield></datafield><datafield ind1=' ' ind2=' ' tag='260'><subfield code='a'>Kraków :</subfield><subfield code='b'>&quot;ART BOOKS&quot;,</subfield><subfield code='c'>1993.</subfield></datafield><datafield ind1=' ' ind2=' ' tag='300'><subfield code='a'>124 s. :</subfield><subfield code='b'>fot. kolor. ;</subfield><subfield code='c'>26 cm.</subfield></datafield><datafield ind1='1' ind2=' ' tag='490'><subfield code='a'>Poradnik Praktyczny</subfield></datafield><datafield ind1=' ' ind2=' ' tag='500'><subfield code='a'>n</subfield></datafield><datafield ind1=' ' ind2=' ' tag='504'><subfield code='a'>Indeks.</subfield></datafield><datafield ind1='1' ind2=' ' tag='700'><subfield code='a'>Sutherland, Neil</subfield><subfield code='e'>Zdj.</subfield></datafield><datafield ind1='1' ind2=' ' tag='700'><subfield code='a'>Kołodziejczyk, Małgorzata</subfield><subfield code='e'>Tł.</subfield></datafield><datafield ind1=' ' ind2=' ' tag='852'><subfield code='b'>48OMNIS_NETWORK</subfield><subfield code='8'>9913261525305606</subfield></datafield><datafield ind1=' ' ind2=' ' tag='852'><subfield code='b'>48OMNIS_KR</subfield><subfield code='8'>991000015099708216</subfield></datafield><datafield ind1=' ' ind2=' ' tag='920'><subfield code='a'>83-85767-11-8</subfield></datafield></record>
  </collection>
</resp>
